| 000 | 00677nam a22002177a 4500 | ||
|---|---|---|---|
| 005 | 20230929144729.0 | ||
| 008 | 230929b ||||| |||| 00| 0 eng d | ||
| 020 | _a9789327195316 | ||
| 040 |
_aIN-DiNC _cIN-DiNC |
||
| 041 | _deng | ||
| 082 |
_a030 _bMIT |
||
| 100 |
_aMittal, Siddharth _eauthor |
||
| 245 |
_aIAS mains civil services (mains) examinations general studies: _bchapterwise solved papers 2022-2000/ _cby Siddharth Mittal |
||
| 260 |
_aMeerut: _bArihant, |
||
| 300 | _a584p. | ||
| 650 | _aGeneral studies | ||
| 650 | _aIndian heritage and culture, history and geography | ||
| 650 | _aIndian constitution | ||
| 650 | _aEconomic development | ||
| 942 |
_2ddc _cBK |
||
| 999 |
_c11679 _d11679 |
||